000 00207nam a22000857a 4500
008 170119b xxu||||| |||| 00| 0 eng d
100 _92514
_aMurthy Sudha
245 _aThe Mother I never Knew
260 _aNew Delhi
999 _c5587
_d5587